000 00242nam a2200109Ia 4500
008 200302s9999 xx 000 0 und d
100 _aA. Shepelev
245 _aPlastering
260 _bMir Publishers Ltd.
260 _c1986
300 _a216 P.,
999 _c2261
_d2261